| 000 | 00715nam a2200193 i 4500 | ||
|---|---|---|---|
| 001 | 189960 | ||
| 003 | ES-MaACL | ||
| 005 | 20250911063610.0 | ||
| 008 | 200224s1970 sp |||| | spa d | ||
| 100 | 1 |
_aAlbiñana García-Quintana, César, _d1920-2007 _919384 |
|
| 245 | 1 | 0 |
_aTributación de las ganancias del capital en España / _cC. Albiñana. |
| 260 |
_aMadrid : _bGuadiana de Publicaciones, _c1970. |
||
| 300 |
_a276 p. ; _c18 cm. |
||
| 490 | 1 |
_aColección Biblioteca Universitaria de Economía ; _v19 |
|
| 650 |
_aCapital- _xImpuestos- _zEspaña. _9169709 |
||
| 830 | 0 |
_aColección Biblioteca Universitaria de Economía ; _v19 _9176868 |
|
| 852 |
_aES-MaACL _jP-1352-17 |
||
| 999 |
_c189960 _d189960 |
||